| 000 | 00462ntaaa2200181 4500 | ||
|---|---|---|---|
| 003 | 01 | ||
| 005 | 20251027201617.0 | ||
| 008 | 0714s1973 ag 01 | ||
| 040 |
_aAR-BaBN _bspa _cAR-BaBN _eaacr _dRIC |
||
| 082 | _a248.2700 Au4 | ||
| 100 |
_aAugsburger, Myron S _96180 |
||
| 245 | _aCalled to maturity | ||
| 250 | _a1 ed. | ||
| 260 |
_aScottdale : _bHerald Press, _cc1960 |
||
| 300 | _axi, 132 p | ||
| 500 | _aEl desarrollo espiritual del cristiano | ||
| 942 | _cBK | ||
| 999 |
_c10727 _d10727 |
||